00195nam a2200073Ia 4500008004100000100001700041245002800058260003500086170523s9999 xx 000 0 und d aLuthra- H.R. 0aApplied Mathematics - 1 aBharat Bharati Prakashan Meeru